000 005220000a22001810004500
003 MACL
005 20160211160855.0
008 160211b xxu||||| |||| 00| 0 eng d
040 _aMACL
_cMACL
041 _aHindi
082 _a294
100 _aसारदानन्‍द स्‍वामी
_937903
245 _aगीतातत्‍व
260 _bश्रीरामकृष्‍ण आश्रम
_aनागपुर
350 _a4.10
650 _aReligion
_937904
942 _cHIN
_k294
_2ddc
999 _c27410
_d27410